Statistics for Capital Cities of the Atlantic States

Click here to take the quiz!

General Stats

  • This quiz has been taken 12 times
  • The average score is 11 of 13

Answer Stats

StateAnswer% Correct
DelawareDover
100%
New YorkAlbany
92%
GeorgiaAtlanta
92%
MassachusettsBoston
92%
Rhode IslandProvidence
92%
North CarolinaRaleigh
92%
MaineAugusta
83%
VirginiaRichmond
83%
FloridaTallahassee
83%
South CarolinaColumbia
75%
New HampshireConcord
75%
ConnecticutHartford
75%
New JerseyTrenton
75%

Score Distribution

Percentile by Number Answered

Percent of People with Each Score

Your Score History

You have not taken this quiz